Statistics for Biggest Trading Partners - Nepal

Click here to take the quiz!

General Stats

  • This quiz has been taken 15 times
  • The average score is 15 of 20

Answer Stats

Export (By Percent)Country% Correct
2. 13.5%China
100%
1. 71.9%India
100%
1. 63.2%India
100%
5. 2.1%United States
100%
2. 11.3%United States
100%
3. 2.5%Germany
92%
8. 0.8%Japan
92%
5. 1.8%United Kingdom
92%
6. 1.0%France
85%
10. 0.8%Italy
77%
7. 0.8%Australia
69%
7. 1.0%Australia
69%
3. 2.6%Indonesia
69%
4. 2.0%Türkiye
69%
4. 2.3%United Arab Emirates
69%
9. 0.8%Canada
62%
9. 0.9%Malaysia
54%
6. 1.7%Argentina
31%
10. 0.7%Qatar
31%
8. 1.0%Ukraine
23%

Score Distribution

Percentile by Number Answered

Percent of People with Each Score

Your Score History

You have not taken this quiz